| 000 | 00497nam a2200181Ia 4500 | ||
|---|---|---|---|
| 005 | 20250508154657.0 | ||
| 008 | 008 250505s9999 xx 000 0 eng d | ||
| 037 | _aTextual | ||
| 040 |
_aFEDL _beng _cFEDL |
||
| 041 |
_aeng _2eng |
||
| 084 |
_a378.9, ROS _qFEDL |
||
| 100 |
_aRoss Murray G Ed. _9765841 |
||
| 245 | 0 | _aNew Universities in the modern World | |
| 260 |
_aLondon, UK _bMacmillan _c1966 |
||
| 300 | _ax,190p | ||
| 942 |
_cTEXL _h378.9, ROS |
||
| 999 |
_c1351549 _d1351549 |
||